000 00932 a2200193 4500
003 Nust
005 20251111143833.0
040 _cNust
082 _a621.382,JAL
100 _aJalil , NC Adeeluddin (TCC-9)
_9131798
245 _aDesign and demonstration of a multi channel speech compression system as per E1 Standard /
_cNC Adeeluddin Jalil , NC Amina Saleem ,NC Haroon Muhammad , NC Naveed Haq and PC Imran Fazal
260 _aRawalpindi
_bMCS (NUST)
_c2001
300 _a190 p.;
505 _aIntroduction (page-10), Major Components (page-16), CMOS 8 Bit 17c7xx Microcontroller (Page-310, The Functional Block Diagram (Page-43), Microcontroller Functionality (Page-72), Programmable Logic Devices (Page-112), PCB Design (Page-123), Bit Generation Program (PAge-132), Conclusion (Page-171).
650 _aUG Projects
_998716
651 _aTCC-9
_9131796
700 _aSupervised by Colonel Ashraf
_9131799
942 _cPR
_2ddc
999 _c182691
_d182691